Vergi iadesi uygulamasının Türk imalat sanayii ihracatı üzerindeki etkisi (Record no. 2723)

MARC details
000 -BAŞLIK
Sabit Uzunlukta Kontrol Alanı 00722na a2200241 4500
001 - KONTROL NUMARASI
Denetim Alanı 17906
003 - KONTROL NUMARASI IDENTIFIER
Denetim Alanı MIRAKIL
005 - SON İŞLEM TARİHİ VE ZAMANI
Denetim Alanı 20181213154907.0
008 - SABİT-BOY VERİ ELEMANLARI - GENEL BİLGİLER
Sabit Uzunlukta Kontrol Alanı 161108b tu 000 0
040 ## - KATALOGLAMA KAYNAK
Orijinal Kataloglama Ajansı Milas
Kataloglama Dili tur
Metne Dönüştürmek Ajansı TR-AnCHP
041 ## - DİL KODU
Metin / Ses Parça Veya Ayrı Başlığın Dil Kodu tur
082 ## - DEWEY ONLU SINIFLANDIRMA NUMARASI
Sınıflandırma Numarası 336.206
Ürün Numarası K29v [1988?]
090 ## - SINIFLAMA NUMARASI
Sınıflama Numarası 336.206 K29v [1988?]
100 ## - ANA GİRİŞ - KİŞİSEL İSİM
Kişisel Ad Kazgan, Gülten
245 ## - BAŞLIK TABLOSU
Başlık Vergi iadesi uygulamasının Türk imalat sanayii ihracatı üzerindeki etkisi
Başlığın Kalan (1970-1988)
Sorumluluk Tablosu, Vb Gülten Kazgan, Nihat Tuncer, Hasan Kirmanoğlu
260 ## - YAYIN, DAĞITIM, VB
Yayın, Dağıtım, Vb Yeri [y.y.]
Yayıncı, Dağıtıcı, Vs Adı TÜSES Yayınları
Yayın, Dağıtım, Vb Tarihi [1988]
300 ## - FİZİKSEL TANIM
Kapsam 34, 9 s.
Boyutlar 30 sm.
504 ## - KAYNAKÇA VB NOT
Kaynakça Vb Notu Kaynakça var.
650 ## - KONU KATMA GİRİŞ - TOPİKAL DÖNEM
Topikal Süreli Veya Coğrafi Ad Giriş Elemanı İhracat
650 ## - KONU KATMA GİRİŞ - TOPİKAL DÖNEM
Topikal Süreli Veya Coğrafi Ad Giriş Elemanı İmalat
650 ## - KONU KATMA GİRİŞ - TOPİKAL DÖNEM
Topikal Süreli Veya Coğrafi Ad Giriş Elemanı Vergi iadesi
Coğrafi Alt Bölümü Türkiye
942 ## - EKLENDİ GİRİŞ ELEMANLARI (KOHA)
Sınıflandırma Veya Raf Düzeni Kaynak Dewey Decimal Classification
Koha Öğesi Türü Books
999 ## - SİSTEM KONTROL NUMARALARI (KOHA)
Koha Biblionumber 2723
Koha Biblioitemnumber 2723
Holdings
Kalıcı Konum Mevcut Konum Edinme Tarihi Edinim Kaynak Toplam Check-Out'Lar Tam Çağrı Numarası Barkod Tarih Son Görülme İtibaren Geçerli Fiyatlar Koha Öğesi Türü Kopya Sayısı
CHP Kütüphanesi CHP Kütüphanesi 11/08/2016 Bağış   336.206 K29v [1988?] 008428 11/08/2016 11/08/2016 Books  
CHP Kütüphanesi CHP Kütüphanesi 12/12/2016 Bağış   336.206 K29v [1988?] 011515 12/12/2016 12/12/2016 Books k.2